000 00725nam a2200289Ia 4500
005 20260324145721.0
008 008 260324s9999 xx 000 0 eng d
020 _a9781315802428
037 _aEBOOK
040 _aCRL
040 _beng
040 _cCRL
041 _2eng
041 _aeng
084 _qCRL
100 _aM. D.S. Ainsworth; M. C. Blehar; E. Waters; S. Wall
_91223941
245 0 _aPatterns of Attachment
245 2 _bA Psychological Study of the Strange Situation
260 _bTaylor and Francis
260 _c1979
365 _a
365 _b230
856 _uhttp://www.taylorfrancis.com/books/9781315802428
942 _cEBOOK
999 _c1832240
_d1832240